<?xml version="1.0" encoding="UTF-8"?>
<marc:record xmlns:marc="http://www.loc.gov/MARC21/slim">
   <marc:leader>00000nam a2200000 a 4500</marc:leader>
   <marc:datafield ind1="1" ind2=" " tag="100">
      <marc:subfield code="a">Kainz, Patrick</marc:subfield>
      <marc:subfield code="4">aut</marc:subfield>
      <marc:subfield code="e">Verfasser/-in</marc:subfield>
   </marc:datafield>
   <marc:datafield ind1="1" ind2=" " tag="100">
      <marc:subfield code="a">Moneta, Karina</marc:subfield>
      <marc:subfield code="4">aut</marc:subfield>
      <marc:subfield code="e">Verfasser/-in</marc:subfield>
   </marc:datafield>
   <marc:datafield ind1=" " ind2=" " tag="653">
      <marc:subfield code="a">Arbeitsrecht</marc:subfield>
   </marc:datafield>
   <marc:datafield ind1=" " ind2=" " tag="653">
      <marc:subfield code="a">Datenschutz</marc:subfield>
   </marc:datafield>
   <marc:datafield ind1=" " ind2=" " tag="653">
      <marc:subfield code="a">Datenschutzgesetz</marc:subfield>
   </marc:datafield>
   <marc:datafield ind1=" " ind2=" " tag="653">
      <marc:subfield code="a">Datenschutzkommission</marc:subfield>
   </marc:datafield>
   <marc:datafield ind1=" " ind2=" " tag="653">
      <marc:subfield code="a">Datenschutzmanagement</marc:subfield>
   </marc:datafield>
   <marc:datafield ind1=" " ind2=" " tag="653">
      <marc:subfield code="a">Vorratsdatenspeicherung</marc:subfield>
   </marc:datafield>
   <marc:datafield ind1=" " ind2=" " tag="653">
      <marc:subfield code="a">Datenverarbeitung</marc:subfield>
   </marc:datafield>
   <marc:datafield ind1=" " ind2=" " tag="653">
      <marc:subfield code="a">Kundendaten</marc:subfield>
   </marc:datafield>
   <marc:datafield ind1=" " ind2=" " tag="653">
      <marc:subfield code="a">Softcover / Recht/Arbeitsrecht</marc:subfield>
   </marc:datafield>
   <marc:datafield ind1=" " ind2=" " tag="653">
      <marc:subfield code="a">Sozialrecht</marc:subfield>
   </marc:datafield>
   <marc:datafield ind1="0" ind2="0" tag="245">
      <marc:subfield code="a">Datenschutz für Arbeitgeber</marc:subfield>
   </marc:datafield>
   <marc:datafield ind1="0" ind2="0" tag="245">
      <marc:subfield code="c">Patrick Kainz, Karina Moneta</marc:subfield>
   </marc:datafield>
   <marc:datafield ind1=" " ind2="1" tag="264">
      <marc:subfield code="a">Wien</marc:subfield>
      <marc:subfield code="b">Linde Verlag Ges.m.b.H.</marc:subfield>
      <marc:subfield code="c">2019</marc:subfield>
   </marc:datafield>
   <marc:datafield ind1=" " ind2=" " tag="250">
      <marc:subfield code="a">1. Auflage 2019</marc:subfield>
   </marc:datafield>
   <marc:datafield ind1="1" ind2=" " tag="520">
      <marc:subfield code="a">Angaben aus der Verlagsmeldung

Datenschutz für Arbeitgeber / von Patrick Kainz, Karina Moneta

Datenschutz für Arbeitgeber leicht gemacht

Für Arbeitgeber und alle, die sich mit Personendatenschutz beschäftigen: Finden Sie Unterstützung zur Bewältigung der gesetzlichen Anforderungen - mit Schwerpunkt auf den häufigsten Fragen:

Datenschutzkonforme Bewerbungsverfahren

DSGVO-Compliance und Mitarbeiterschulung

Rechtsgrundlagen der Datenverarbeitung (inklusive Nutzung von Mitarbeiterfotos und Bildnissen für die Unternehmenskommunikation, Aufzeichnung bei Veranstaltungen)

Betriebliche Überwachung und Kontrollmaßnahmen

Nationale und internationale Übermittlung von Personaldaten

Speicherfristen und Löschpflichten

Zusammenspiel von kollektivem Arbeitsrecht und Beschäftigtendatenschutz

Datenschutzbefugnisse des Betriebsrats

Informationspflichten gegenüber Arbeitnehmern

Haftung und Sanktionen bei Datenschutzvergehen

Beweisverwertung im Gerichtsverfahren und Datenschutz

Personaldatenschutz in der Insolvenz

Rechte und Pflichten nach dem Ausscheiden von Mitarbeitern

Neben den aktuellsten Entscheidungen der Datenschutzbehörde erleichtern zahlreiche Muster die Erfüllung der Beschäftigtendatenschutz-Compliance.

</marc:subfield>
   </marc:datafield>
   <marc:datafield ind1=" " ind2=" " tag="020">
      <marc:subfield code="a">9783707340709</marc:subfield>
      <marc:subfield code="9">9783707340709</marc:subfield>
   </marc:datafield>
   <marc:datafield ind1=" " ind2=" " tag="020">
      <marc:subfield code="a">3707340708</marc:subfield>
      <marc:subfield code="9">3707340708</marc:subfield>
   </marc:datafield>
   <marc:datafield ind1=" " ind2=" " tag="041">
      <marc:subfield code="a">ger</marc:subfield>
   </marc:datafield>
   <marc:datafield ind1=" " ind2=" " tag="300">
      <marc:subfield code="a">214 Seiten</marc:subfield>
   </marc:datafield>
</marc:record>
